Music Quiz

Random Music or Song Quiz

US Cities In Song Titles Quiz Stats

 Plays Quiz Updated Apr 24, 2015

Challenge
Share
Tweet
Score 0/24 Timer 08:00
1 Play Today
% Correct
5. Miami
92.1%
10. Viva Las Vegas
89.3%
1. New York State Of Mind
88.4%
9. San Francisco (Be Sure To Wear Flowers In Your Hair)
87.3%
11. Detroit Rock City
83.4%
6. Please Come To Boston
83.3%
12. City Of New Orleans
83.3%
4. Walking In Memphis
83%
18. The Night Chicago Died
82.5%
2. Kansas City
76%
23. By The Time I Get To Phoenix
74.8%
14. Do You Know The Way To San Jose
73.1%
% Correct
21. Nashville Cats
71.5%
8. Tallahassee Lassie
71.1%
20. El Paso
67.2%
17. Streets Of Philadelphia
65.3%
3. Last Train To Clarksville
61.1%
19. Twenty Four Hours From Tulsa
56.1%
13. Wichita Lineman
54%
16. The Little Old Lady From Pasadena
53.6%
7. Folsom Prison Blues
52.2%
22. Allentown
51%
15. Okie From Muskogee
26.7%
24. Tupelo Honey
24.9%

You're not logged in!

Compare scores with friends on all Sporcle quizzes.
OR
Log In

You Might Also Like...

Show Comments

Extras

Top Quizzes Today


Score Distribution

Your Account Isn't Verified!

In order to create a playlist on Sporcle, you need to verify the email address you used during registration. Go to your Sporcle Settings to finish the process.

Report this User

Report this user for behavior that violates our Community Guidelines.

Details: